[Event "RUS-chT2 16th"]
[Site "Dagomys"]
[Date "2009.04.06"]
[Round "5"]
[White "Oparin, Grigoriy"]
[Black "Glotov, Mikhail"]
[Result "1/2-1/2"]
[WhiteElo "2257"]
[BlackElo "2345"]
[PlyCount "173"]
[EventDate "2009.04.02"]
[EventType "team-tourn"]
[EventRounds "9"]
[EventCountry "RUS"]
[SourceTitle "CBM 129 Extra"]
[Source "ChessBase"]
[SourceDate "2009.05.05"]
[SourceVersion "2"]
[SourceVersionDate "2009.05.20"]
[SourceQuality "1"]

1. e4 c5 2. Nf3 d6 3. d4 cxd4 4. Nxd4 Nf6 5. Nc3 g6 6. Be3 Bg7 7. f3 Nc6 8. Qd2 0-0 9. g4 Be6 10. 0-0-0 Nxd4 11. Bxd4 Qa5 12. Kb1 Rfc8 13. a3 Rab8 14. Nd5 Qxd2 15. Nxf6+ Bxf6 16. Rxd2 Bxd4 17. Rxd4 Rc5 18. Bd3 b5 19. h4 h6 20. Rg1 g5 21. Rh1 Kg7 22. Kc1 Kf6 23. Kd2 Rb6 24. hxg5+ hxg5 25. c3 Bb3 26. Bb1 a5 27. Ke3 Rb8 28. Rh6+ Ke5 29. Rh5 Ke6 30. Bd3 Kd7 31. Be2 f6 32. Rh1 Bc4 33. b4 Rc7 34. Bxc4 bxc4 35. Rb1 Rbb7 36. b5 Rc5 37. a4 Rb8 38. Rh1 Ke6 39. Rh7 Re8 40. Rd1 Rec8 41. Rd2 Rd8 42. Kd4 Rcc8 43. Re2 Rd7 44. Rh6 Rdd8 45. Reh2 Re8 46. Rh7 Red8 47. R7h6 Rg8 48. Rb2 Rc5 49. Rh1 Rb8 50. Rbh2 Rcc8 51. Rh6 Kd7 52. Rh7 Ke6 53. R1h6 Ra8 54. Rg6 Rab8 55. Rh5 Kf7 56. Rgh6 Ra8 57. Rh7+ Ke6 58. R5h6 Rab8 59. Rg7 Rc5 60. Rgh7 Rcc8 61. Rh1 Kd7 62. R1h2 Ke6 63. Ke3 Rg8 64. Rd2 Kd7 65. Rd5 Ke6 66. Kd4 Rgc8 67. Rf5 Rc7 68. Ke3 Rcc8 69. Rd5 Rg8 70. Rh1 Kd7 71. Rd4 Rgc8 72. Rd2 Rg8 73. Rh5 Ke6 74. Rd1 Kd7 75. Rb1 Rb6 76. Kd4 Rc8 77. Rh7 Rb7 78. Rbh1 Rbb8 79. R1h6 Ke6 80. Rg7 Rc5 81. Ke3 Rd8 82. Rgh7 Rcc8 83. Kd4 Rg8 84. Rh5 Rgd8 85. R7h6 Kd7 86. Ke3 Rg8 87. Kd4 1/2-1/2

[Event "Moscow CC Mephi 1st League"]
[Site "Moscow"]
[Date "2009.02.27"]
[Round "14"]
[White "Glotov, Mikhail"]
[Black "Bezotosniy, Yaroslav I"]
[Result "1-0"]
[WhiteElo "2307"]
[BlackElo "2223"]
[PlyCount "117"]
[EventDate "2009.02.16"]
[EventType "tourn"]
[EventRounds "15"]
[EventCountry "RUS"]
[EventCategory "1"]
[SourceTitle "CBM 129 Extra"]
[Source "ChessBase"]
[SourceDate "2009.05.05"]
[SourceVersion "2"]
[SourceVersionDate "2009.05.20"]
[SourceQuality "1"]

1. e4 c5 2. Nf3 d6 3. d4 cxd4 4. Nxd4 Nf6 5. Nc3 g6 6. Be3 Bg7 7. f3 0-0 8. Qd2 Nc6 9. Bc4 Bd7 10. h4 Rc8 11. Bb3 Ne5 12. 0-0-0 h5 13. Bg5 Rc5 14. Kb1 b5 15. g4 a5 16. gxh5 a4 17. h6 Bh8 18. h7+ Nxh7 19. Bd5 b4 20. Nce2 Nxg5 21. hxg5 e6 22. Rxh8+ Kxh8 23. Nf4 Qxg5 24. Rh1+ Kg8 25. Qh2 Kg7 26. Bxe6 b3 27. axb3 axb3 28. Bxb3 Ra5 29. c3 Rfa8 30. Kc2 Qf6 31. Nd5 Rxd5 32. Bxd5 Rc8 33. Kb1 Kf8 34. f4 Nd3 35. f5 Ne5 36. fxg6 Qxg6 37. Rf1 Rc5 38. Rg1 Qf6 39. Qe2 Rc8 40. Qa6 Rc5 41. Qb6 Rc8 42. Qa7 Rc5 43. Qa6 Rc7 44. Rf1 Qh6 45. Qb6 Rc8 46. Be6 Bxe6 47. Qxd6+ Ke8 48. Qxe5 Qd2 49. Rh1 Qd3+ 50. Kc1 Qe3+ 51. Kc2 Qf2+ 52. Kb1 Qd2 53. Qb5+ Bd7 54. Qa6 Rc5 55. Nb3 Qg2 56. Rh8+ Ke7 57. Nxc5 Qg1+ 58. Ka2 Qxc5 59. Qa3 1-0

[Event "RUS-chT2"]
[Site "Sochi"]
[Date "2007.05.11"]
[Round "9"]
[White "Glotov, Mikhail"]
[Black "Konev, Kirill"]
[Result "1-0"]
[WhiteElo "2271"]
[BlackElo "2198"]
[PlyCount "130"]
[EventDate "2007.05.03"]
[EventType "team"]
[EventRounds "9"]
[EventCountry "RUS"]
[SourceTitle "CBM 118 Extra"]
[Source "ChessBase"]
[SourceDate "2007.07.04"]
[SourceVersion "1"]
[SourceVersionDate "2007.07.04"]
[SourceQuality "1"]

1. d4 Nf6 2. c4 g6 3. Nc3 Bg7 4. e4 d6 5. f3 0-0 6. Bg5 a6 7. Qd2 c5 8. d5 b5 9. cxb5 axb5 10. Bxb5 Ba6 11. Bxa6 Nxa6 12. Nge2 Qb6 13. 0-0 Rfb8 14. Rab1 Nc7 15. Bh6 Bh8 16. a4 Qb4 17. Qc2 Qb6 18. Kh1 Qa6 19. b3 Rb7 20. Rfe1 Rab8 21. Na2 Qa7 22. Bd2 e6 23. dxe6 Nxe6 24. Nac3 Qb6 25. Nb5 Ne8 26. Nec3 Qd8 27. Nd5 Qh4 28. Bc3 Be5 29. Bxe5 dxe5 30. Red1 Qg5 31. Qc1 Qh4 32. Qe3 Nf6 33. Nxf6+ Qxf6 34. Rd6 Qh4 35. Rd5 Qh5 36. Qc3 Nd4 37. Nxd4 cxd4 38. Qc2 Qg5 39. h3 Qe3 40. Rxe5 Rxb3 41. Re8+ Rxe8 42. Rxb3 Qe1+ 43. Kh2 h5 44. Qc6 Rf8 45. Qd5 Qd2 46. Qd6 Rc8 47. Rb7 Qg5 48. f4 Qh4 49. a5 Rc3 50. Rb8+ Kh7 51. Rh8+ Kxh8 52. Qxd4+ Kh7 53. Qxc3 Qxf4+ 54. Qg3 Qxe4 55. a6 Qa4 56. Qd6 h4 57. Kg1 Qa2 58. Qb6 Qe2 59. a7 Qe1+ 60. Kh2 Qg3+ 61. Kh1 Qe1+ 62. Qg1 Qa5 63. Qe3 Qa1+ 64. Kh2 Qa4 65. Qc5 Qf4+ 1-0

[Event "RUS-chT2"]
[Site "Sochi"]
[Date "2007.05.10"]
[Round "8"]
[White "Smirnov, Artem"]
[Black "Glotov, Mikhail"]
[Result "1-0"]
[WhiteElo "2403"]
[BlackElo "2271"]
[PlyCount "67"]
[EventDate "2007.05.03"]
[EventType "team"]
[EventRounds "9"]
[EventCountry "RUS"]
[SourceTitle "CBM 118 Extra"]
[Source "ChessBase"]
[SourceDate "2007.07.04"]
[SourceVersion "1"]
[SourceVersionDate "2007.07.04"]
[SourceQuality "1"]

1. d4 Nf6 2. Bg5 Ne4 3. Bf4 c5 4. f3 Nf6 5. dxc5 Qa5+ 6. Nc3 Qxc5 7. e4 d6 8. Qd2 g6 9. Be3 Qa5 10. Nb5 Qd8 11. Nxa7 Bd7 12. a4 Bg7 13. Nb5 h5 14. Nc3 Nc6 15. Nge2 Ne5 16. Nd4 h4 17. Be2 h3 18. g3 Rc8 19. 0-0 0-0 20. Ndb5 Be6 21. Nd5 Nxd5 22. exd5 Bf5 23. Nd4 Qc7 24. Nxf5 gxf5 25. c3 Nc4 26. Bxc4 Qxc4 27. Rfd1 Ra8 28. a5 Qb5 29. Bb6 Rfc8 30. Rab1 Qc4 31. Qd3 f4 32. Qxc4 Rxc4 33. g4 f5 34. gxf5 1-0

[Event "RUS-chT2"]
[Site "Sochi"]
[Date "2007.05.06"]
[Round "4"]
[White "Glotov, Mikhail"]
[Black "Benza, Artem"]
[Result "1/2-1/2"]
[WhiteElo "2271"]
[BlackElo "2320"]
[PlyCount "64"]
[EventDate "2007.05.03"]
[EventType "team"]
[EventRounds "9"]
[EventCountry "RUS"]
[SourceTitle "CBM 118 Extra"]
[Source "ChessBase"]
[SourceDate "2007.07.04"]
[SourceVersion "1"]
[SourceVersionDate "2007.07.04"]
[SourceQuality "1"]

1. d4 g6 2. c4 Bg7 3. Nc3 d6 4. e4 Nc6 5. d5 Nd4 6. Be3 c5 7. Nge2 Nxe2 8. Bxe2 Nf6 9. 0-0 0-0 10. h3 Ne8 11. Qd2 e6 12. dxe6 fxe6 13. Bxc5 Bxc3 14. bxc3 Qh4 15. Bxd6 Nxd6 16. Qxd6 Qxe4 17. Bd3 Qf4 18. Qxf4 Rxf4 19. Rab1 Rf7 20. Be4 Kf8 21. Rfd1 Ke8 22. a4 Rc7 23. c5 Ke7 24. Rb4 a5 25. Rb5 Ra7 26. Rd4 Bd7 27. c6 bxc6 28. Rb8 Be8 29. h4 Ra6 30. Bd3 Raa7 31. Bc4 Bf7 32. Re4 Kd6 1/2-1/2

[Event "RUS-chT2"]
[Site "Sochi"]
[Date "2007.05.04"]
[Round "2"]
[White "Zimmerman, Yuri"]
[Black "Glotov, Mikhail"]
[Result "1/2-1/2"]
[WhiteElo "2343"]
[BlackElo "2271"]
[PlyCount "51"]
[EventDate "2007.05.03"]
[EventType "team"]
[EventRounds "9"]
[EventCountry "RUS"]
[SourceTitle "CBM 118 Extra"]
[Source "ChessBase"]
[SourceDate "2007.07.04"]
[SourceVersion "1"]
[SourceVersionDate "2007.07.04"]
[SourceQuality "1"]

1. d4 Nf6 2. c4 c5 3. d5 b5 4. cxb5 a6 5. e3 g6 6. Nc3 Bg7 7. a4 0-0 8. Bc4 d6 9. Nge2 Nbd7 10. Ra3 Nb6 11. Ba2 axb5 12. Nxb5 Ba6 13. Nec3 Ne8 14. 0-0 Nc7 15. Bb3 Bxb5 16. Nxb5 Nxb5 17. axb5 c4 18. Bc2 Qd7 19. Rxa8 Rxa8 20. b3 c3 21. Qd3 Ra5 22. e4 Qxb5 23. Qxb5 Rxb5 24. Be3 Nd7 25. Ra1 Bf6 26. Kf1 1/2-1/2

[Event "Moscow Jan"]
[Site "Moscow"]
[Date "2007.01.16"]
[Round "7"]
[White "Glotov, Mikhail"]
[Black "Kushnirov, Juruj"]
[Result "1/2-1/2"]
[WhiteElo "2281"]
[BlackElo "2241"]
[PlyCount "35"]
[EventDate "2007.01.10"]
[EventType "tourn"]
[EventRounds "15"]
[EventCountry "RUS"]
[SourceTitle "EXT 2010"]
[Source "ChessBase"]
[SourceDate "2010.11.25"]
[SourceVersion "1"]
[SourceVersionDate "2010.11.25"]
[SourceQuality "1"]

1. d4 Nf6 2. c4 c5 3. d5 b5 4. cxb5 a6 5. bxa6 Bxa6 6. Nc3 d6 7. e4 Bxf1 8. Kxf1 g6 9. Nf3 Bg7 10. h3 0-0 11. Kg1 Nbd7 12. Kh2 Nb6 13. Re1 Nfd7 14. Re2 Qc7 15. Bg5 Rfe8 16. Bf4 Reb8 17. Bg5 Re8 18. Bf4 1/2-1/2

[Event "Moscow Petrosian Memorial U18"]
[Site "Moscow"]
[Date "2005.01.??"]
[Round "1"]
[White "Bayaraa, Zorigt"]
[Black "Glotov, Mikhail"]
[Result "0-1"]
[WhiteElo "2061"]
[BlackElo "2274"]
[PlyCount "68"]
[EventDate "2005.01.??"]
[EventType "swiss"]
[EventRounds "9"]
[EventCountry "RUS"]
[SourceTitle "EXT 2006"]
[Source "ChessBase"]
[SourceDate "2005.11.24"]
[SourceVersion "1"]
[SourceVersionDate "2005.11.24"]
[SourceQuality "1"]

1. e4 c5 2. Nf3 d6 3. d4 cxd4 4. Nxd4 Nf6 5. Nc3 g6 6. Be2 Bg7 7. 0-0 0-0 8. Re1 Nc6 9. Nb3 Be6 10. Bg5 a5 11. a4 Rc8 12. Bf1 h6 13. Bf4 Nb4 14. h3 Nd7 15. Nd4 Bxd4 16. Qxd4 Nxc2 17. Qd2 Nxa1 18. Rxa1 f6 19. Bxh6 Rf7 20. Be3 Nc5 21. Re1 Na6 22. Nd5 Bxd5 23. Qxd5 Nb4 24. Qb5 Kg7 25. Bb6 Qe8 26. Qxa5 Na6 27. Bb5 Qh8 28. Qd2 Qh6 29. Qd5 Rc1 30. Rf1 Nc7 31. Qd3 Nxb5 32. Qxb5 Rxf1+ 33. Kxf1 Qd2 34. g3 e5 0-1

[Event "Moscow Petrosian Memorial U18"]
[Site "Moscow"]
[Date "2005.01.??"]
[Round "6"]
[White "Glotov, Mikhail"]
[Black "Bogdanovich, Stanislav"]
[Result "1-0"]
[WhiteElo "2274"]
[BlackElo "2128"]
[PlyCount "71"]
[EventDate "2005.01.??"]
[EventType "swiss"]
[EventRounds "9"]
[EventCountry "RUS"]
[SourceTitle "EXT 2006"]
[Source "ChessBase"]
[SourceDate "2005.11.24"]
[SourceVersion "1"]
[SourceVersionDate "2005.11.24"]
[SourceQuality "1"]

1. d4 Nf6 2. c4 e6 3. Nf3 b6 4. a3 Bb7 5. Nc3 d6 6. g3 c5 7. d5 e5 8. e4 g6 9. Bg2 Bg7 10. 0-0 0-0 11. Ne1 a6 12. Nd3 Nbd7 13. Bd2 b5 14. b3 Ne8 15. Qc2 Nc7 16. Rab1 Rb8 17. a4 b4 18. Nd1 f5 19. f4 fxe4 20. Bxe4 exf4 21. Nxf4 Ne5 22. Nf2 Qe7 23. Rbe1 Rbe8 24. N2d3 Nxd3 25. Qxd3 Bd4+ 26. Kh1 Qg7 27. Kg2 Rf6 28. Bf3 Be5 29. h4 Ref8 30. Bg4 Kh8 31. Rf3 Bc8 32. Bxc8 Rxc8 33. Ref1 Rcf8 34. Qc2 Qe7 35. Bc1 Kg8 36. Re1 1-0

[Event "RUS-chT Clubs U18"]
[Site "Rybinsk"]
[Date "2004.08.??"]
[Round "2"]
[White "Glotov, Mikhail"]
[Black "Kiselev, Vitaliy1111"]
[Result "1-0"]
[WhiteElo "2337"]
[BlackElo "2277"]
[PlyCount "89"]
[EventDate "2004.08.??"]
[EventType "team-tourn"]
[EventRounds "9"]
[EventCountry "RUS"]
[SourceTitle "EXT 2005"]
[Source "ChessBase"]
[SourceDate "2004.11.15"]
[SourceVersion "1"]
[SourceVersionDate "2004.11.15"]
[SourceQuality "1"]

1. d4 Nf6 2. c4 e6 3. Nf3 d5 4. Nc3 Be7 5. cxd5 exd5 6. Bf4 c6 7. e3 Bf5 8. h3 h6 9. g4 Bh7 10. Bg2 Nbd7 11. 0-0 0-0 12. Rc1 Ne4 13. Nd2 Nxd2 14. Qxd2 Nb6 15. b3 f5 16. Nd1 Qd7 17. f3 g5 18. Be5 Bd6 19. gxf5 Bxe5 20. dxe5 Rxf5 21. f4 Raf8 22. Nc3 Qg7 23. Ne2 g4 24. hxg4 Qxg4 25. Rf3 Kh8 26. Rg3 Qh4 27. Rh3 Qg4 28. Ng3 R5f7 29. Kh2 Rg7 30. Rg1 Qe6 31. Nh5 Rg6 32. Qe1 Nd7 33. Ng3 Rg7 34. Qe2 Bf5 35. Nxf5 Rxf5 36. Qe1 Rf8 37. Qh4 Kh7 38. Bf1 Nc5 39. Rxg7+ Kxg7 40. Rg3+ Kh7 41. Bh3 Qf7 42. f5 Rg8 43. f6 Rxg3 44. Qxg3 Qg6 45. Bf5 1-0

[Event "RUS-chT Clubs U18"]
[Site "Rybinsk"]
[Date "2004.08.??"]
[Round "7"]
[White "Ryzhov, Ivan"]
[Black "Glotov, Mikhail"]
[Result "1/2-1/2"]
[WhiteElo "2265"]
[BlackElo "2337"]
[PlyCount "31"]
[EventDate "2004.08.??"]
[EventType "team-tourn"]
[EventRounds "9"]
[EventCountry "RUS"]
[SourceTitle "EXT 2005"]
[Source "ChessBase"]
[SourceDate "2004.11.15"]
[SourceVersion "1"]
[SourceVersionDate "2004.11.15"]
[SourceQuality "1"]

1. d4 Nf6 2. c4 c5 3. d5 b5 4. a4 Qa5+ 5. Bd2 b4 6. b3 g6 7. Bc1 d6 8. Bb2 Bg7 9. e4 0-0 10. Bd3 e5 11. Ne2 Nh5 12. Nd2 f5 13. Qc2 f4 14. f3 g5 15. 0-0-0 g4 16. Rdf1 1/2-1/2

[Event "RUS-chT Clubs U18"]
[Site "Rybinsk"]
[Date "2004.08.??"]
[Round "3"]
[White "Zatsepin, Ilya"]
[Black "Glotov, Mikhail"]
[Result "1/2-1/2"]
[WhiteElo "2159"]
[BlackElo "2337"]
[PlyCount "86"]
[EventDate "2004.08.??"]
[EventType "team-tourn"]
[EventRounds "9"]
[EventCountry "RUS"]
[SourceTitle "EXT 2005"]
[Source "ChessBase"]
[SourceDate "2004.11.15"]
[SourceVersion "1"]
[SourceVersionDate "2004.11.15"]
[SourceQuality "1"]

1. e4 c5 2. Nf3 d6 3. d4 cxd4 4. Nxd4 Nf6 5. Nc3 a6 6. f3 e5 7. Nb3 Be6 8. Be3 Be7 9. Qd2 0-0 10. 0-0-0 Qc7 11. g4 Rc8 12. g5 Nh5 13. Kb1 Nd7 14. Rg1 g6 15. h4 Nb6 16. Qf2 Bd8 17. f4 exf4 18. Bxf4 Nxf4 19. Qxf4 Na4 20. Rg3 Nxc3+ 21. Rxc3 Qb6 22. Rxd6 Qb4 23. Rd4 Qe7 24. Rxc8 Rxc8 25. Rd1 Bc7 26. Qf3 Be5 27. Bh3 Bg7 28. Bg2 Qc7 29. c3 Qc4 30. Qd3 Qa4 31. Qc2 b5 32. Bf1 Bc4 33. Bxc4 Qxc4 34. Qd3 Qe6 35. Nd4 Qe5 36. Qe3 b4 37. Nf3 Qc7 38. e5 bxc3 39. Qxc3 Qxc3 40. bxc3 Rxc3 41. Rd8+ Bf8 42. Nd4 Kg7 43. Rd7 Kg8 1/2-1/2

[Event "RUS-ch U16"]
[Site "Dagomys"]
[Date "2004.04.??"]
[Round "?"]
[White "Pogromsky, Mikhail"]
[Black "Glotov, Mikhail"]
[Result "1/2-1/2"]
[WhiteElo "2243"]
[BlackElo "2337"]
[PlyCount "32"]
[EventDate "2004.04.??"]
[EventType "swiss"]
[EventRounds "10"]
[EventCountry "RUS"]
[SourceTitle "EXT 2005"]
[Source "ChessBase"]
[SourceDate "2004.11.15"]
[SourceVersion "1"]
[SourceVersionDate "2004.11.15"]
[SourceQuality "1"]

1. d4 d5 2. Nc3 Bf5 3. f3 Bg6 4. Bf4 Nf6 5. e3 e6 6. Bd3 a6 7. Nge2 c5 8. 0-0 Nc6 9. Bg3 cxd4 10. exd4 Bxd3 11. Qxd3 Bd6 12. f4 Ne7 13. Na4 Nf5 14. Be1 Qc7 15. c3 0-0 16. Bd2 b5 1/2-1/2

[Event "Serpukhov-B"]
[Site "Serpukhov"]
[Date "2002.??.??"]
[Round "1"]
[White "Glotov, Mikhail"]
[Black "Samarin, Igor Valerievich"]
[Result "0-1"]
[WhiteElo "2105"]
[BlackElo "2408"]
[PlyCount "88"]
[EventDate "2002.??.??"]
[EventType "tourn"]
[EventRounds "13"]
[EventCountry "RUS"]
[SourceTitle "EXT 2003"]
[Source "ChessBase"]
[SourceDate "2002.11.25"]
[SourceVersion "1"]
[SourceVersionDate "2002.11.25"]
[SourceQuality "1"]

1. d4 d6 2. c4 e5 3. Nf3 e4 4. Ng5 f5 5. Nh3 Nf6 6. Nc3 c6 7. e3 Be7 8. Be2 Na6 9. Rb1 0-0 10. b4 Nc7 11. 0-0 Kh8 12. f4 exf3 13. Bxf3 d5 14. cxd5 cxd5 15. Nf4 Bd6 16. Qb3 Bxf4 17. exf4 Be6 18. Na4 Nb5 19. Be3 Nd6 20. Nc5 Bg8 21. Nd3 Nc4 22. Ne5 b5 23. Rfd1 Be6 24. Bf2 Ne4 25. Bxe4 fxe4 26. Be3 Qe8 27. h3 Qh5 28. Kh2 Qh4 29. Rf1 Rf6 30. Nxc4 dxc4 31. Qc2 Bf5 32. Qf2 Qxf2 33. Rxf2 h5 34. g3 Ra6 35. Rg1 Ra3 36. Re2 a5 37. bxa5 R8xa5 38. Rgg2 Rd3 39. g4 hxg4 40. hxg4 Bd7 41. f5 b4 42. Kg3 c3 43. Kf4 Rd1 44. Rh2+ Kg8 0-1